000 00594nam a2200277Ia 4500
005 20260401122138.0
008 008 250103s9999 xx 000 0 eng d
020 _a631234365
037 _aTB
040 _aEDL
040 _beng
040 _cEDL
041 _2eng
041 _aeng
084 _a821.8 GOR
084 _qEDL
245 0 _aVictorian Poetry: Annotated Anthology
260 _aMalden
260 _bBlackwell Publishing
260 _c2004
300 _a697p
942 _cTB
942 _h821.8 GOR
999 _c1845247
_d1845247